000 00450cam a2200181ua 4500
020 _c100.00
041 _aeng
_h
082 _a631.587
_bSAT/IR
100 _aSatpute, T G .
245 _aIrrigation management in command area /
_cT G Satpute.
_hTextual Documents
250 _a1 /
_b.
260 _aDelhi :
_bMittal Publications ,
_c1988.
300 _a175 ; .
365 _a100.00
504 _a
942 _cBK
999 _c2669
_d2669